ANA(全日本空輸)のみが就航する空港 - Statistics

General Stats
  • This quiz has been taken 124 times
  • The average score is 8 of 10
Answer Stats
Hint Answer % Correct
北海道 稚内
94%
北海道 中標津
88%
山陽・山陰 鳥取
87%
東海・北陸 能登
84%
山陽・山陰 石見
83%
東北 大館能代
82%
北海道 紋別
80%
東北 庄内
79%
関東 八丈島
77%
山陽・山陰 岩国
77%
No matching quizzes found
Score Distribution
Percent of People with Each Score
Percentile by Number Answered
Your Score History
You have not taken this quiz